000
00291nam a2200109Ia 4500
001
588932
005
20250717120839.0
008
250717s9999 xx 000 0 und d
245
0
_a
Y-8 EMANETDAR AYASOFYA DEHLİZLERİNDE
_c
ESRA BAHADIR CESAR
260
_b
ERDEM YAYINLARI
_c
2020
300
_b
205
999
_c
588932
_d
588932